Princp̕ios do processo em meio reticular-eletrn̥ico fenomenologia, normatividade e aplicaȯ̂ prt̀ica /

Detalles Bibliográficos
Autor principal: Brandô, Clùdio
Formato: eBook
Lenguaje:portugués
Publicado: San Pablo: LTR, 2017
Materias:
Acceso en línea:Acceso restringido

MARC

LEADER 00000nam a22000007a 4500
005 2018041309379.0
007 cr|||| ||||
008 180413s2017 br |||||s|||| 00||0 por d
020 |a 978-85-361-9405-9 
035 |a 21353 
040 |a vLex 
090 |c 7752  |d 7752 
100 1 |a Brandô, Clùdio 
245 1 0 |a Princp̕ios do processo em meio reticular-eletrn̥ico  |h [Recurso electrn̤ico] :  |b fenomenologia, normatividade e aplicaȯ̂ prt̀ica /  |c Clùdio Brandô 
256 |a Servicio en ln̕ea 
260 |a San Pablo:  |b LTR,  |c 2017 
300 |a 1 recurso electrn̤ico 
500 |a Neste trabalho escrito por especialistas que contribuem ativamente para a sedimentaȯ̂ e evoluȯ̂ do processo eletrn̥ico, sô sistematizados os princp̕ios que devem balizar a interpretaȯ̂ e aplicaȯ̂ das regras que disciplinam a prestaȯ̂ jurisdicional em meio reticular-eletrn̥ico, nos trazendo luzes para os desafios que sô apresentados diariamente na constante busca do processo acessv̕el, justo e efetivo. Isso porque o Processo Judicial eletrn̥ico pode ser conceituado como "Sistema virtual de prt̀ica de atos processuais, comunicaȯ̂ e armazenamento de dados do processo". Nô obstante, como j ̀disse Jos ̌Eduardo de Resende Chaves Jn︢ior, o processo eletrn̥ico nô ̌uma simples transposiȯ̂ virtual dos autos, sem qualquer inflexô nas caracters̕ticas e na teoria geral do processo. Por isso, podemos dizer que ,̌ em verdade, um novo mťodo de acessibilidade ̉justiȧ. Sob tal t̤ica, o processo eletrn̥ico exerce influn̊cia no prp̤rio procedimento e no comportamento dos sujeitos do processo, j ̀que provocou, por exemplo, a gradativa majoraȯ̂ da responsabilidade dos advogados no envio de petiė̳s e documentos. Alm̌ disso, a burocracia dos carimbos e escrita vai sendo substitud̕a pela inserȯ̂ de dados do processo e seu armazenamento em cd̤igo. H,̀ ainda, maior fiscalizaȯ̂ e acesso de todos ao conted︢o dos autos, principalmente, dados estats̕ticos e de produtividade dos Tribunais. Diante da importńcia e atualidade do tema, bem como da qualidade dos textos, recomendo, efusivamente, a leitura a todos que atuam na r̀ea. 
506 1 |a Disponible solo en los productos indicados  |d vLex Global  |d vLex Global (Academic Edition, excluding Law Schools)  |d vLex Global (U.S. Academic Edition, Law Schools)  |d vLex Global (U.S. Academic Edition, excluding Law Schools)  |d vLex Global (Academic Edition, Law Schools) 
650 0 4 |a Derecho Laboral y Seguridad Social  |z Brasil 
650 0 4 |a Derecho Procesal  |z Brasil 
650 0 4 |a Procedimiento Laboral  |z Brasil 
740 0 |a vLex Libros (Servicio en ln̕ea) 
856 4 0 |u http://vlex.com/source/principios-do-processo-em-meio-reticular-eletr-nico-fenomenologia-normatividade-e-aplica-o-pratica-21353  |z Acceso restringido 
942 |c BOOK 
999 0 |a Labor Law and Social Security 
999 0 |a Procedural Law 
999 0 |a Labor Procedure